Представление документа в формате RUSMARC

ПолеНазваниеЗначение
  Тип записи a
  Библиографический уровень m
001 Контрольный номер RU/ГПНТБ России/IBIS/84(2=411.2)6/Л 45-421917475
005 Дата корректировки 20211221142056.0
010 Индекс ISBN __
a ISBN 978-5-906950-30-7
b Уточнения в пер.
9 Тираж 2000 экз.
d Цена 348-00
100 Данные общей обработки __
a Данные общей обработки 20210419d2018####d y0rusy028902 ca
101 Язык документа 0_
a Язык текста rus
102 Страна публикации __
a Страна публикации RU
105 Кодированные данные (монография) __
a Кодированные данные (монография) y zz 000ay
181 Поле кодированных данных: вид содержания _0
a Код вида содержания (ISBD) i
182 Поле кодированных данных: тип средства _0
a Код типа средства (ISBD) n
200 Заглавие и сведения об ответственности 1_
a Заглавие По ту сторону покойника
e Сведения, относящиеся к заглавию повесть
f Первые сведения об ответственности Елена Ленковская
203 Вид содержания и тип средства __
a Вид содержания Текст
c Тип средства непосредственный
210 Выходные данные 1_
a Место издания Москва
c Издательство Аквилегия-М
d Дата издания 2018
215 Физическое описание __
a Объем 217, [2] с.
d Формат 21 см
225 Серия 2_
a Серия Современная проза
330 Аннотация __
a Аннотация Это похоже на наваждение. Герман пришел на вернисаж, а там - гроб с покойником... Парень встретил лучшую на свете девчонку, а на ней собирается жениться уже не молодой, но крутой художник. Он удостоит Германа дружбы, хотя тот еще мальчишка. Он оценит талант молодого дарования и посвятит в рыцари стрит-арта. Но значит ли это, что Герман перестанет бороться за свою любовь?
333 Примечание о целевом назначении __
a Примечание о целевом назначении 12+. Для детей старше 12 лет
606 Тематические рубрики __
a Основная рубрика Художественная литература
606 Тематические рубрики __
a Основная рубрика Современная русская литература (произведения)
610 Ключевые слова 0_
a Ключевые слова проза
610 Ключевые слова 0_
a Ключевые слова современная проза
610 Ключевые слова 0_
a Ключевые слова повести
610 Ключевые слова 0_
a Ключевые слова тема любви
610 Ключевые слова 0_
a Ключевые слова тема искусства
610 Ключевые слова 0_
a Ключевые слова тема подростков
610 Ключевые слова 0_
a Ключевые слова тема художников
610 Ключевые слова 0_
a Ключевые слова детская литература
610 Ключевые слова 0_
a Ключевые слова подростковая литература
610 Ключевые слова 0_
a Ключевые слова тема подростковой любви
686 Индексы других классификаций __
2 Код системы rubbks
a Классификационный индекс 84(2=411.2)6-4; ст84(2=411.2)6-4
700 Автор _1
a Фамилия Ленковская
b Имя Е. Э.
g Полное личное имя Елена Эдуардовна
f Даты 1968-
4 Код отношения 070
801 Источник записи _0
b Организация ГПНТБ России
a Страна RU
c Дата составления 20210419
g Правила каталогизации PSBO
801 Источник записи _1
b Организация ГПНТБ России
a Страна RU
c Дата составления 20210419
g Правила каталогизации PSBO
852 Данные о местонахождении 5_
j Шифр хранения 84(2=411.2)6-4
i Авторский знак Л 45
900 Макрообъекты __
a Макрообъекты По ту сторону покойника, 2018
901 Тип документа __
a Ответственный ООФиК/Волкова
t Тип документа m
903 Характеристики (МАРС) __
a Дата передачи 20210427
c Наименование библиотеки (МАРС) Муниципальное бюджетное учреждение культуры "Централизованная библиотечная система" г. Сургут (Центральная городская библиотека им. А. С. Пушкина)
969 Тип издания __
a Тип издания издание для подростков
a Тип издания издание для детей
990 Данные о заказе (DOS) __
j Количество экземпляров (DOS) 11
t N записи в КСУ для И/У (DOS) 202105